[Event "Hessen-ch Seniors op 02nd"]
[Site "Bad Sooden-Allendorf"]
[Date "2006.05.03"]
[Round "9"]
[White "Schmidt, Erich"]
[Black "Heczko, Hans Dieter"]
[Result "1/2-1/2"]
[WhiteElo "1745"]
[BlackElo "1488"]
[PlyCount "53"]
[EventDate "2006.04.25"]
[EventType "swiss"]
[EventRounds "9"]
[EventCountry "GER"]
[SourceTitle "EXT 2007"]
[Source "ChessBase"]
[SourceDate "2006.11.23"]
[SourceVersion "1"]
[SourceVersionDate "2006.11.23"]
[SourceQuality "1"]

1. d4 Nf6 2. Nf3 e6 3. Bf4 b6 4. e3 Bb7 5. Bd3 d5 6. 0-0 Bd6 7. Bg5 Nbd7 8. c3 h6 9. Bh4 0-0 10. Nbd2 Be7 11. Qb1 Nh5 12. Bg3 Nxg3 13. fxg3 c5 14. Rf2 Nf6 15. Ne5 Bd6 16. Ndf3 cxd4 17. exd4 Ne4 18. Re2 f5 19. Ng6 Rf6 20. Nfe5 Kh7 21. Nf4 Qc7 22. c4 Bxe5 23. dxe5 Qxe5 24. cxd5 Bxd5 25. Nxd5 exd5 26. Qd1 Qd6 27. Rc1 1/2-1/2

[Event "Hessen-ch Seniors op 02nd"]
[Site "Bad Sooden-Allendorf"]
[Date "2006.05.01"]
[Round "7"]
[White "Graffenberger, Marianne"]
[Black "Heczko, Hans Dieter"]
[Result "0-1"]
[WhiteElo "1181"]
[BlackElo "1488"]
[PlyCount "64"]
[EventDate "2006.04.25"]
[EventType "swiss"]
[EventRounds "9"]
[EventCountry "GER"]
[SourceTitle "EXT 2007"]
[Source "ChessBase"]
[SourceDate "2006.11.23"]
[SourceVersion "1"]
[SourceVersionDate "2006.11.23"]
[SourceQuality "1"]

1. e4 e5 2. Nf3 Nc6 3. d4 exd4 4. Nxd4 Nxd4 5. Qxd4 d6 6. Be3 Be7 7. c3 Bf6 8. Qa4+ Bd7 9. Qb3 b6 10. Bc4 Qe7 11. Nd2 Be6 12. Bb5+ Bd7 13. Bxd7+ Qxd7 14. 0-0 Ne7 15. Rad1 0-0 16. Nf3 Qc8 17. Qc2 Ng6 18. Bg5 Bxg5 19. Nxg5 h6 20. Nf3 Re8 21. Rfe1 Re7 22. a4 Qb7 23. Nd4 Rae8 24. f3 d5 25. Nf5 Re5 26. Ng3 dxe4 27. Rxe4 Rxe4 28. Nxe4 a5 29. Kf2 Qc6 30. Rd4 Qe6 31. Rd2 f5 32. Ng3 Qe3+ 0-1

[Event "Hessen-ch Seniors op 02nd"]
[Site "Bad Sooden-Allendorf"]
[Date "2006.04.26"]
[Round "2"]
[White "Heczko, Hans Dieter"]
[Black "Viererbe, Hartmut"]
[Result "0-1"]
[WhiteElo "1488"]
[BlackElo "1655"]
[PlyCount "74"]
[EventDate "2006.04.25"]
[EventType "swiss"]
[EventRounds "9"]
[EventCountry "GER"]
[SourceTitle "EXT 2007"]
[Source "ChessBase"]
[SourceDate "2006.11.23"]
[SourceVersion "1"]
[SourceVersionDate "2006.11.23"]
[SourceQuality "1"]

1. d4 Nf6 2. c4 e6 3. Nc3 Bb4 4. Bd2 c5 5. e3 Nc6 6. dxc5 Bxc5 7. Nf3 0-0 8. Be2 a6 9. 0-0 Qc7 10. a3 b6 11. b4 Be7 12. Nd4 Ne5 13. Qb3 Bb7 14. f4 Nc6 15. Nxc6 dxc6 16. e4 e5 17. f5 Rfd8 18. Bg5 Rd4 19. Bxf6 Bxf6 20. Rad1 Rad8 21. Bf3 R8d7 22. Ne2 Rxd1 23. Rxd1 Rxd1+ 24. Qxd1 c5 25. Qd3 cxb4 26. axb4 Be7 27. Qb3 Qd6 28. b5 a5 29. Nc3 Qd4+ 30. Kf1 Bc5 31. Nd1 Bxe4 32. Bxe4 Qxe4 33. Qf3 Qxc4+ 34. Qe2 Qxe2+ 35. Kxe2 Bd4 36. Ne3 Bxe3 37. Kxe3 a4 0-1

[Event "Hessen-ch Seniors op 02nd"]
[Site "Bad Sooden-Allendorf"]
[Date "2006.04.25"]
[Round "1"]
[White "Mellenthin, Horst"]
[Black "Heczko, Hans Dieter"]
[Result "1-0"]
[WhiteElo "1707"]
[BlackElo "1488"]
[PlyCount "87"]
[EventDate "2006.04.25"]
[EventType "swiss"]
[EventRounds "9"]
[EventCountry "GER"]
[SourceTitle "EXT 2007"]
[Source "ChessBase"]
[SourceDate "2006.11.23"]
[SourceVersion "1"]
[SourceVersionDate "2006.11.23"]
[SourceQuality "1"]

1. e4 e5 2. Nf3 d6 3. d4 exd4 4. Nxd4 Nf6 5. Nc3 Bd7 6. Be2 a6 7. a4 Nc6 8. Be3 Nxd4 9. Bxd4 Be7 10. 0-0 0-0 11. f4 c5 12. Bxf6 Bxf6 13. Qxd6 Bd4+ 14. Kh1 Bc6 15. Qxd8 Raxd8 16. Bd3 Bxc3 17. bxc3 Rfe8 18. Rfe1 c4 19. Bxc4 Bxe4 20. Bd3 f5 21. Kg1 Kf8 22. Rab1 Rb8 23. Bxe4 Rxe4 24. Rxe4 fxe4 25. Kf2 Rc8 26. Rb3 Rc4 27. Ke3 Rxa4 28. Rxb7 Rc4 29. Kd2 a5 30. Ra7 a4 31. g3 e3+ 32. Kxe3 Rxc3+ 33. Kd2 Rf3 34. Rxa4 Rf2+ 35. Kd3 Rxh2 36. Re4 Rh6 37. c4 Rg6 38. Re3 Rd6+ 39. Ke4 Rc6 40. Kd5 Rc7 41. c5 Re7 42. Rxe7 Kxe7 43. Kc6 Kd8 44. Kb7 1-0